• 首页
  • 本馆介绍
  • 公告通知
  • 最新文献
  • 馆藏检索
  • 电子资源
  • 读者导购
  • 参考咨询
  • 我的图书馆
  • 登录
  • 详细信息显示
  • 放入我的书架
  • 预约/预借图书
  • 作者相关作品
  • 分类相关作品
  • 丛书相关作品
  • 出版社相关作品

书目信息

  • 表格格式
  • 工作单格式
  • 卡片格式
题名:
生物衰老
    
 
作者: 托尔夫波 著 ;王卓然 , 于皓月 , 王钊 译
分册:  
出版信息: 北京   科学出版社  2012
页数: 13,317页
开本: 26cm
丛书名: 生命科学实验指南系列
单 册:
中图分类: Q419
科图分类:
主题词: 寿命(生物) , 寿命(生物)--研究 , 生物--衰老--研究 , 衰老 , 生物
电子资源:
ISBN: 978-7-03-034363-5
000 01444oam2 2200373 45
001 1355437077
005 20130513144501.31
010    @a978-7-03-034363-5@dCNY98.00
100    @a20130108d2012 em y0chiy50 ea
101 1  @achi@eeng@ceng
102    @aCN@b110000
105    @aa z 001yy
106    @ar
200 1  @a生物衰老@ASheng Wu Shuai Lao@e研究方法与实验方案@EYan Jiu Fang Fa Yu Shi Yan Fang An@dBiological aging@emethods and protocols@f(美)托尔夫波T.O.等著@F( Mei ) Tuo Er Fu Bo T.O. Deng Zhu@g王钊,于皓月,王卓然译@zeng
210    @a北京@c科学出版社@d2012
215    @a13,317页@c图@d26cm
225 2  @a生命科学实验指南系列
300    @a国家重点基础研究发展计划(“973”计划)基金支持
330    @a本书介绍了当今生物学衰老研究中使用的重要工具,包括衰老细胞培养等成熟的方法,以及核移植、微阵列和蛋白质组学技术、在衰老研究中使用核酶等方法。
461  0 @12001 @a生命科学实验指南系列
510 1  @aBiological aging@emethods and protocols@zeng
517 1  @a研究方法与实验方案@AYan Jiu Fang Fa Yu Shi Yan Fang An
606 0  @a寿命(生物)
606 0  @a寿命(生物)@x研究
606 0  @a生物@x衰老@x研究
606 0  @a衰老
606 0  @a生物
690    @aQ419@v5
701  0 @g(美)@a托尔夫波@ATuo Er Fu Bo@g(Tollefsbol, Trygve O.)@4著
702  0 @a王卓然@AWang Zhuo Ran@4译
702  0 @a于皓月@AYu Hao Yue@4译
702  0 @a王钊@AWang Zhao@4译
801    @aCN@bTANGWEI@c20130111
905    @b0831385-87@dQ419@e26@f3
    
    生物衰老:研究方法与实验方案=Biological aging:methods and protocols/(美)托尔夫波T.O.等著/王钊,于皓月,王卓然译.-北京:科学出版社,2012
    13,317页:图;26cm.-(生命科学实验指南系列)
    国家重点基础研究发展计划(“973”计划)基金支持
    
    ISBN 978-7-03-034363-5:CNY98.00
    本书介绍了当今生物学衰老研究中使用的重要工具,包括衰老细胞培养等成熟的方法,以及核移植、微阵列和蛋白质组学技术、在衰老研究中使用核酶等方法。
●
相关链接 在E读中查询图书 在五车中查询图书 在当当中查询图书 在豆瓣中查询图书


正题名:生物衰老     索取号:Q419/26         预约/预借

序号 登录号 条形码 馆藏地/架位号 状态 备注
1 0831385   208313859   第二样本阅览室/ [索取号:Q419/26] 在馆    
2 0831386   208313868   第三借阅区/ [索取号:Q419/26] 在馆    
3 0831387   208313877   第三借阅区/ [索取号:Q419/26] 在馆    
唐山师范学院图书馆 欢迎您!
大连网信软件有限公司© 版权所有